000 02145nam0a22003251 4500
001 v19\rc\1482642
005 20260407122006.0
035 _a(NLR Aleph) 004615270
090 _a2967694
_c2967694
100 _a20060620d1879 |||y0rusy50 ca
101 0 _arus
_afre
102 _aRU
105 _ay z |||||
200 1 _aКонвенция о непосредственных сношениях между судебными учреждениями Варшавского судебного округа и германскими пограничными судебными местами по делам гражданским и уголовным, заключенная между Россией и Германией 23 января/4 февраля 1879 года
_eОбмен ратификаций состоялся 1/13 марта 1879 г.
210 _a[Санкт-Петербург
_d1879]
215 _a[10] с.
_d35
300 _aТекст парал. на рус. и фр. яз.
327 0 _aС. [1-2]: Указ его императорского величества самодержца всероссийского из Правительствующего сената: По 1 Департаменту
464 0 _12001#$aУказ его императорского величества самодержца всероссийского из Правительствующего сената: по 1 Департаменту
_1215##$aС. 1-2
_tУказ его императорского величества самодержца всероссийского из Правительствующего сената: по 1 Департаменту
711 0 2 _aВаршавский судебный окр.
_3RU\NLR\AUTH\8810018409
_9534652
740 1 _aРоссия
_tДоговоры
_3RU\NLR\AUTH\889957979
_9412045
741 1 _aГермания
_tДоговоры
_3RU\NLR\AUTH\8810059179
_9619600
801 0 _aRU
_bNLR
_gpsbo
801 0 _aRU
_bRuMoRGB
_2psbo
801 1 _aRU
_bProSoft-M
_2rusmarc
852 _aNLR
_j18.43.1.12(2)
852 _aNLR
_j18.130.1.26
942 _cBOOK
980 _aNB